[Event "EU-chT (Men) 15th"]
[Site "Gothenburg"]
[Date "2005.07.30"]
[Round "1.4"]
[White "Maki Uuro, Miika"]
[Black "Dautov, Rustem"]
[Result "1/2-1/2"]
[WhiteElo "2390"]
[BlackElo "2595"]
[Annotator "Dautov,R"]
[PlyCount "106"]
[EventDate "2005.07.30"]
[EventType "team-swiss"]
[EventRounds "9"]
[EventCountry "SWE"]
[SourceTitle "CBM 109"]
[Source "ChessBase"]
[SourceDate "2005.11.14"]
[SourceVersion "1"]
[SourceVersionDate "2005.11.14"]
[SourceQuality "1"]
[WhiteTeam "Finland"]
[BlackTeam "Germany"]
[WhiteTeamCountry "FIN"]
[BlackTeamCountry "GER"]

1. Nf3 d5 2. d4 Nf6 3. c4 c6 4. Nc3 a6 5. c5 Bf5 6. Bf4 e6 7. e3 Nbd7 8. Nd2
Be7 9. Be2 Bg6 (9... O-O $6 10. g4 Be4 (10... Bg6 11. h4) 11. Rg1 $1 h6 12. h4
Bh7 13. g5 hxg5 14. hxg5 Ne4 15. Ncxe4 dxe4 16. Bc4 $16 {Salzgeber,F-Ristevski,
S/Martigny 1999}) (9... h6 10. b4 O-O 11. O-O Re8 12. Bg3 Qc8 13. Bf3 Bd8 14.
e4 dxe4 15. Bxe4 Nxe4 16. Ndxe4 Bxe4 17. Nxe4 Be7 18. Be5 $14 {Piket,
J-Zagrebelny,S /Istanbul (ol) 2000}) 10. b4 Qc8 (10... O-O 11. O-O Re8 12. Bg3
Qc8 13. Rc1 Bd8 14. f4 b6 $1 15. cxb6 Bxb6 16. Na4 {Piket,J-Sokolov,I /
Amsterdam 2000} Bd8 $1 $11) 11. O-O O-O (11... Bd8 12. Rc1 Bc7 $6 13. Bxc7 Qxc7
14. f4 Ng8 15. e4 Ne7 16. f5 exf5 17. exd5 cxd5 18. b5 O-O 19. b6 $36 {Kramnik,
V-Topalov,V /Dortmund 1999}) 12. a4 $6 {Dieser unvorsichtige Zug erlaubt
Schwarz, das Gegenspiel auf dem Damenflügel zu starten. Deutlich besser war 12.
Rc1.} (12. Rc1 Bd8 $13) 12... b6 $1 {/\a5} 13. cxb6 (13. a5 $5 b5 14. Bf3 Qb7
15. e4 dxe4 16. Ndxe4 Nxe4 17. Nxe4 (17. Bxe4 Nf6 $11) 17... Bxe4 18. Bxe4 Nf6
$11) 13... Nxb6 14. Qb3 $6 {Eine weitere Ungenauigkeit, Schwarz kann nun einen
weißen Läufer abtauschen.} ({Nach} 14. a5 Nbd7 15. Na2 Qb7 16. Rc1 Rfc8 $11 {
bliebe die Stellung im Gleichgewicht.}) 14... Nh5 $1 15. Bxh5 Bxh5 16. Rfc1 Qb7
17. b5 (17. Rab1 Bg6 18. Rb2 Nd7 (18... Bd3 19. Ncb1 Bg6 $11) 19. a5 f6 $15 {
/\e5}) 17... cxb5 18. axb5 Rfc8 (18... a5 $5 19. Na4 Rfc8 20. Nc5 Qa7 $13) 19.
bxa6 Rxa6 $15 {Dank seines Läuferpaares und den aktiven Figuren steht Schwarz
etwas angenehmer.} 20. h3 (20. e4 $5 Rxa1 21. Rxa1 Qc6 22. Rc1 Bg6 23. Na2 Nc4
24. exd5 exd5 25. Nb4 $11) 20... h6 21. Rcb1 Rxa1 22. Rxa1 Qc6 23. Nb5 (23. Rc1
Nc4 $15) 23... Qc2 24. Qxc2 (24. Nd6 Rc6 25. Qxc2 Rxc2 26. Nb3 g5 27. Be5 f6
28. Bg3 $15) 24... Rxc2 25. Nf1 $6 (25. Ra6 $142) 25... Be2 (25... Nc4 $1 26.
Ng3 Bg6 $17) 26. Nd6 (26. Ng3 $1 Bd3 27. Rd1 Bxb5 (27... Bg6 $1) 28. Rb1 $15)
26... g5 27. Be5 f6 28. Bh2 h5 {In den letzten Zügen hat Schwarz einige
Fortschritte gemacht, die weißen Figuren mit Ausnahme des Nd6 wurden auf die
ersten zwei Reihen verdrängt. Mit dem Textzug wollte ich meinem Gegner das
Feld g3 nehmen.} ({Die andere gute Möglichkeit war} 28... Rc6 29. Nb7 Nc4 $17)
29. Nb7 h4 30. Bd6 $1 {Weiß nimmt natürlich die Möglichkeit war, seinen
eingeschränkten Läufer abzutauschen.} Bxd6 31. Nxd6 Nc4 32. Nb7 e5 33. Nc5 (33.
dxe5 fxe5 $17 {/\d4}) 33... e4 $1 {Die Fortsetzung derselben
Einschränkungsstrategie.} 34. Nh2 $138 Kf7 $2 $138 {Einen Schritt vor dem Ziel
habe ich fehlgegriffen. Es sollte unbedingt 34...f5 geschehen, und der Nh2
bleibt außer Spiel.} (34... f5 $1 35. Na6 $1 (35. Ne6 g4 36. hxg4 (36. Nf4 g3
$19) 36... fxg4 37. Nf4 g3 38. fxg3 hxg3 39. Nxe2 Rxe2 40. Nf1 Nxe3 $19) 35...
Nb6 36. Nc5 g4 37. Nf1 Kf7 $17) 35. Ng4 $1 $11 Nb2 $4 {Es war höchste Zeit,
den Ausgleich zu fixieren, aber ich spielte noch automatisch auf Gewinn.} (
35... Bxg4 $1 36. hxg4 Nb2 37. Ra7+ Kg8 38. Nd7 Rc6 39. Kf1 Nd3 $11) 36. Ra7+
Kg6 37. Ne6 $2 {Selbst in Zeitnot, findet mein Gegner nicht den schönen
Gewinnweg 37.Nd7!} (37. Nd7 $1 Bxg4 (37... Rc8 38. Ngxf6 $18) 38. Nf8+ Kf5 39.
Rd7 $18) 37... Rc1+ 38. Kh2 Rc8 39. Rg7+ Kf5 40. Nc7 Bxg4 41. hxg4+ Kxg4 42.
Nxd5 Rc6 43. Rf7 Kf5 44. Ne7+ Ke6 45. Rxf6+ Kxf6 46. Nxc6 Nd1 47. Kg1 g4 {
Die forcierte Zugsequenz hat zu einem Springerendspiel geführt, das für
Schwarz haltbar ist.} 48. Ne5 Kf5 49. Nc4 Ke6 50. Kf1 Kd5 51. Nb6+ (51. Ne5 g3
52. Ng4 Ke6 53. fxg3 hxg3 54. Ke2 Nc3+ 55. Kd2 Nd5 56. Ne5 Ne7 57. Nc4 Nf5 $14
{Dank seinem aktiven Springer und den Schwächen e3 und g2 kann sich Schwarz
halten.}) 51... Kc6 52. Nc4 Kd5 53. Nb6+ Kc6 1/2-1/2

[Event "Bundesliga 0506"]
[Site "Germany"]
[Date "2006.02.18"]
[Round "10.6"]
[White "Nyback, Tomi"]
[Black "Dautov, Rustem"]
[Result "1/2-1/2"]
[WhiteElo "2563"]
[BlackElo "2581"]
[Annotator "Dautov,R"]
[PlyCount "142"]
[EventDate "2005.10.21"]
[EventType "team-tourn"]
[EventRounds "15"]
[EventCountry "GER"]
[SourceTitle "CBM 112"]
[Source "ChessBase"]
[SourceDate "2006.06.07"]
[SourceVersion "1"]
[SourceVersionDate "2006.06.07"]
[SourceQuality "1"]
[WhiteTeam "Werder Bremen"]
[BlackTeam "Baden-Baden"]
[WhiteTeamCountry "GER"]
[BlackTeamCountry "GER"]

1. d4 d5 2. c4 c6 3. Nf3 Nf6 4. Nc3 a6 5. c5 Bf5 6. Bf4 Nbd7 7. e3 e6 8. Nd2
Be7 9. Be2 Bg6 10. b4 Qc8 11. O-O O-O 12. a4 b6 13. cxb6 (13. a5 $5 b5 14. Bf3
Qb7 15. e4 dxe4 16. Ndxe4 Nxe4 17. Nxe4 (17. Bxe4 Nf6 $11) 17... Bxe4 18. Bxe4
Nf6 $11) 13... Nxb6 14. a5 $146 {Bislang folgten wir einer früheren Partie von
mir, wobei Tomi davon nichts wusste und sich jeden Zug erarbeiten mußte. Die
Zeitinvestition hat sich für ihn gelohnt, denn er fand einen interessanten
Plan.} ({Deutlich schwächer ist} 14. Qb3 {, wonach Schwarz einen der
gegnerischen Läufer abtauschen kann:} Nh5 $1 15. Bxh5 Bxh5 16. Rfc1 Qb7 17. b5
cxb5 18. axb5 Rfc8 (18... a5 $5 19. Na4 Rfc8 20. Nc5 Qa7 $13) 19. bxa6 Rxa6 $15
{Maki Uuro,M (2390)-Dautov,R (2595)/Gothenburg 2005}) 14... Nbd7 15. Na2 Qb7
16. Rc1 Rfc8 17. Rc3 $1 {Ein starker Zug. Weiß will sich mit all seinen
Schwerfiguren auf den schwachen Bauern c6 stürzen.} Ne8 {Ich konnte nichts
Besseres finden als diese Überführung des Springers nach b5.} (17... c5 $5 {
ist ein interessanter Vorschlag von Fritz. Weiß behält einen kleinen Vorteil
nach} 18. dxc5 Nxc5 19. Rxc5 (19. bxc5 Qb2 20. Qc1 Qxa2 $11) 19... Bxc5 20.
bxc5 Rxc5 (20... Qb2 21. Nc1 e5 22. Bg5 $14) 21. Qb3 Qxb3 22. Nxb3 Rc2 23. Nac1
$14) 18. Qa4 Nd6 19. Bxd6 {Logisch gespielt, mit dem starken Springer auf b5
würde Schwarz zumindest keine Probleme haben.} (19. Rfc1 Nb5 20. Bxb5 cxb5 21.
Qa3 Rc4 $5 (21... Bd8 $11) 22. Nxc4 bxc4 $44) 19... Bxd6 20. Nb3 {Ich habe 20.
Rfc1 erwartet.} ({Nach} 20. Rfc1 Nb8 21. Nb3 (21. Nf3 Qe7 22. Ne5 Bxe5 23. dxe5
f6 24. exf6 Qxf6 $11) 21... e5 22. dxe5 Bxe5 23. Nd4 Re8 24. Bf1 (24. Bd3 Bxd4
25. exd4 Bxd3 26. Rxd3 Nd7 27. Rdc3 Rac8 $11) 24... Qc7 25. h3 Qd6 $11 {
hat Schwarz trotz seines hässlichen Springers vollwertiges Spiel.}) 20... e5
21. Nc5 $2 {Nyback überschätzt seine Stellung. Besser wäre es, mit 21.Rfc1 in
die o.g. Variante umzuleiten.} (21. Rfc1 Nb8 $1 (21... exd4 $2 22. Rxc6 d3 23.
Bf3 $16)) 21... Bxc5 (21... Nxc5 $2 22. bxc5 Bf8 23. Rb3 Qe7 24. Rc1 $14 {/\Rb6
}) 22. bxc5 Rcb8 $1 $15 {Das Eindringen der schwarzen Dame nach b2 ist sehr
verlockend, aber in welcher Version ist es am besten? Hier gab es einiges zu
berechnen.} (22... exd4 23. exd4 Rab8 (23... Re8 24. Rb3 Qc7 25. Re3 $14) 24.
Nc1 Re8 25. Rb3 Qc8 26. Rxb8 Nxb8 $11) (22... Rab8 23. dxe5 Nxe5 $2 24. f4 $16)
(22... Qb2 23. Bg4 $1 f5 24. Rb3 Qd2 25. Bf3 $14) 23. Bd1 (23. dxe5 $2 Qb2 24.
Bd1 Rb5 $17) (23. Nc1 exd4 (23... Qb2 24. Rb3 $11) 24. exd4 Qb4 $15) 23... Qb2
$1 24. Qa3 {Das Schlagen auf c6 verbietet sich, und Weiß schaltet in die
Verteidigung um.} (24. Qxc6 $2 Qxa2 25. Qxd7 Qb2 $17 {kostet Weiß zumindest
eine Figur.}) 24... exd4 ({Genauer war} 24... Ra7 $1 25. Ba4 Rc7 $15) 25. exd4
Qxa3 $2 {Es macht keinen Sinn, die Damen selbst zu tauschen, die richtige
Fortsetzung 25...Ra7! hätte Schwarz einige Tempi gespart.} (25... Ra7 $1 $15)
26. Rxa3 Rb2 27. Ba4 (27. Nc3 $1 Rd2 (27... Nf8 28. f4 $1) 28. Ba4 Rxd4 29.
Bxc6 Rd8 30. Bxd7 Rxd7 31. c6 Rc7 32. Rb3 f6 33. Rb6 Kf7 $11) 27... Rc8 28. Nc3
Nf8 29. Ra2 $2 {Mit dem Tausch des aktiven schwarzen Turmes könnte Nyback das
Gleichgewicht bewahren.} (29. Rb3 $1 Rxb3 30. Bxb3 Ne6 31. Rd1 $11) 29... Rb4
30. Rd1 Ne6 31. Ne2 Rxa4 $6 {Wir hatten beide wenig Zeit, deswegen ist die
Vereinfachung der Stellung verständlich. Das Problem der weißen Stellung sind
die Schwächen des Pd4 und die passiven Leichtfiguren.Deutlich besser wäre
deswegen die Überführung des Königs nach d7 nebst Aktivierung des zweiten
Turmes.} (31... Kf8 $1 32. f3 Ke7 33. Kf2 Kd7 $17) 32. Rxa4 Bc2 33. Rda1 Bxa4
34. Rxa4 Rb8 35. f3 Rb2 36. Kf1 h5 {Ein logischer Plan in der besseren
Stellung. Schwarz möchte dem Gegner einen zweite Schwäche verpassen ( die
erste ist der Bauer d4).} 37. h4 $1 g6 {Hier und später war die Überführung
des Königs nach f5 und des Springers nach b5 naheliegend, aber aus
unerklärlichen Gründen verzichtete ich auf diese.} (37... Kh7 $5 38. g3 (38. g4
$2 g5 $1 39. hxg5 h4 $19) 38... Kg6 $17) 38. g3 Ng7 $2 {Provoziert g3-g4, was
sich aber in Folge als günstig für Weiß herausstellt.} (38... Kg7 $1 39. Ke1 (
39. g4 $2 g5 $1) 39... Kf6 (39... Nc7 $17) 40. Kf2 Kf5 41. Ke3 Rb3+ 42. Kf2 Nc7
$17) 39. g4 hxg4 40. fxg4 Ne6 41. Ke1 $6 {Nun konnte Weiß die Stellung seines
Springers verbessern- 41.Nf3!} (41. Ng1 $1 $15 {/\Nf3}) 41... Kg7 42. Kf1 Nc7
$2 {Erneut war es richtig, den König nach vorne zu schicken, diesmal nach h6 -
42...Kh6!} (42... Kh6 $1 43. Ke1 (43. Ng1 g5 $1 $17) 43... f5 $17) 43. Ng1 $1
$15 Rb3 44. Kg2 $6 (44. Kf2 $1 Nb5 45. Nf3 Nc3 46. Ra1 Ne4+ 47. Kg2 $11) 44...
Nb5 45. Nf3 Re3 $1 46. Kf2 Re4 47. Kg3 {Der schwarze Turm ist optimal
platziert, aber kann man weitere Fortschritte machen? Die weiße Stellung ist
sehr fest.} f6 48. Rb4 Kf7 49. Ra4 Ke7 50. Rb4 Kf7 51. Ra4 Ke6 52. Rb4 Ke7 53.
Ra4 g5 $1 {Der letzte Gewinnversuch, während bei uns beiden die letzten zehn
Minuten abliefen.} 54. Rb4 (54. hxg5 $5 fxg5 55. Rb4 Kf6 56. Ra4 $15) 54... f5
$1 (54... gxh4+ 55. Nxh4 Re3+ 56. Kf4 Ra3 57. Nf5+ Kd7 58. Rb1 Rxa5 59. Rh1 $11
) 55. hxg5 Rxg4+ 56. Kh3 $2 ({Besser war} 56. Kf2 $1 $11) 56... Ke6 57. Ra4 Nc3
58. Rb4 Ne4 59. Ne5 $2 {Dieser Fehler sollte zum Verlust führen.} (59. Kh2 Rg3
60. Ne5 f4 61. Rb6 Kf5 $15) 59... Nxg5+ 60. Kh2 Rxd4 $1 61. Rxd4 Kxe5 62. Rb4
Ne4 $4 {Dieser natürliche Zug (man möchte den Bauern c5 im Auge behalten) ist
zu langsam und läßt den Gewinn aus. Der schnelle Vormarsch des d-Bauern war
gefragt. Allerdings war zum Berechnen sehr wenig Zeit vorhanden, uns blieben
1-2 Minuten bis zum Partieende.} (62... d4 $1 63. Kg2 d3 64. Kf1 (64. Kf2 Ne4+
65. Ke3 d2 66. Ke2 f4 67. Rb3 Nxc5 $19) 64... Ne4 65. Rb6 f4 66. Rxc6 d2 67.
Ke2 f3+ $19) 63. Rb6 $11 Nxc5 (63... d4 {kommt hier zu spät:} 64. Rxc6 $1 d3
65. Rc8 $11) 64. Rxc6 Kd4 65. Kg3 Kc4 66. Kf4 d4 67. Ke5 $1 Kb5 (67... d3 68.
Kd6 d2 69. Rxc5+ Kd3 70. Rd5+ Kc2 71. Ke5 $11) 68. Rb6+ Kxa5 69. Rb1 d3 70. Kd4
Na4 71. Kxd3 Nc5+ 1/2-1/2

[Event "Bundesliga 0001"]
[Site "Germany"]
[Date "2001.04.29"]
[Round "15.1"]
[White "Beliavsky, Alexander G"]
[Black "Dautov, Rustem"]
[Result "1/2-1/2"]
[WhiteElo "2654"]
[BlackElo "2606"]
[Annotator "Dautov,R"]
[PlyCount "84"]
[EventDate "2000.10.14"]
[EventType "team-tourn"]
[EventRounds "15"]
[EventCountry "GER"]
[SourceTitle "CBM 083"]
[Source "ChessBase"]
[SourceDate "2001.07.05"]
[SourceVersion "1"]
[SourceVersionDate "2001.07.05"]
[SourceQuality "1"]
[WhiteTeam "Koenig Plauen"]
[BlackTeam "Godesberg"]
[WhiteTeamCountry "GER"]
[BlackTeamCountry "GER"]

1. d4 d5 2. c4 c6 3. Nf3 Nf6 4. Nc3 a6 5. e3 b5 6. cxd5 cxd5 7. Ne2 $5 $146 {
Eine originelle Idee. Weiß überführt zuerst seinen Springer auf ein schönes
Feld d3 und beendet erst danach seine Entwicklung. Dennoch ist dieser Plan zu
langsam, um Schwarz irgendwelche Probleme zu bereiten.} e6 8. Nf4 Bd6 9. Nd3
O-O 10. Be2 Nbd7 11. O-O a5 $1 {Ein ehrgeiziger Zug, geplant ist b5-b4 und Ba6.
Beim schwarzen Bauern auf b4 relativiert sich die Schwäche des Feldes c5, da
Weiß das unterstützende b2-b4 nicht mehr hat.} ({Möglich ist auch} 11... Bb7
12. Bd2 {/\Bb4} Qe7 13. b4 Nb6 14. Nc5 Nc4 $11) 12. Bd2 $6 {Nach den zwei
nächsten natürlich aussehenden Zügen von Weiß bekommt Schwarz bereits einen
kleinen Vorteil.} ({Besser war deswegen} 12. a3 Bb7 13. Bd2 Qe7 14. b4 axb4 15.
Bxb4 Ne4 $11 {/\Nb6-c4}) 12... b4 13. Rc1 (13. a3 bxa3 14. bxa3 Ba6) 13... Ba6
14. Nc5 Bxe2 15. Qxe2 {Weiß ist auf seinem schlechten Läufer d2
"sitzengeblieben".} Ne4 ({In Frage kam ebenfalls} 15... Qb6 $5 16. Na4 Qb7 17.
Ne1 Rfc8 18. Nd3 Qb5 19. b3 e5 $15) 16. Nb7 Qb6 17. Nxd6 Nxd6 18. Qd3 Rfc8 19.
b3 {Dieser Zug schwächt das Feld c3, er war jedoch wegen der ständigen Drohung
Nd6-c4 nicht zu vermeiden.} ({Der Turmtausch wäre günstig für Schwarz:} 19.
Rxc8+ Rxc8 20. Rc1 Rxc1+ 21. Bxc1 Qc6 $15) 19... Qb5 $15 {Die Besetzung des
Feldes c3 wird eingeleitet.} 20. Qxb5 Nxb5 21. Rfd1 Nf6 {><c3 Die Drohung
Ne4-c3 ist sehr gefährlich. Mit seinen nächsten Zügen findet Beliavsky beinahe
die einzige ausreichende Verteidigung.} 22. Kf1 $1 (22. Ne5 $2 Ne4 23. Nd3 (23.
Be1 $4 Nbc3 24. Bxc3 Nxc3 $19) 23... Rxc1 24. Nxc1 (24. Bxc1 Nbc3 $17) 24...
Rc8 25. Nd3 Rc2 26. Rc1 Rxc1+ 27. Bxc1 Nec3 $17) 22... Ne4 23. Be1 $1 (23.
Rxc8+ Rxc8 24. Ne1 Kf8 25. f3 Nxd2+ 26. Rxd2 Rc1 27. Rc2 Ra1 28. Rc5 Na3 $17) (
23. Ke1 f6 $15) 23... f6 {Dies schwächt zwar den Bauern e6, was sich bald
bemerkbar machen wird. Doch ich hatte wegen der Drohung Ne5-d3 keine Wahl.} (
23... Nbc3 24. Bxc3 Rxc3 25. Ne1 a4 26. bxa4 Rxa4 27. f3 Nd2+ 28. Ke2 Nc4 29.
Rxc3 bxc3 30. Ra1 $11) (23... Kf8 24. Ne5 $11) 24. Ng1 $1 {/\Ne2,f3 Diesen
starken Verteidigungszug habe ich unterschätzt. Schwarz kann zwar einen Bauern
gewinnen, aber nicht das entstehende Turmendspiel.} Nbc3 25. Bxc3 Nxc3 26. Rd2
Nxa2 (26... a4 27. bxa4 Rxa4 28. Ne2 $11) 27. Rxc8+ Rxc8 28. Rxa2 Rc1+ 29. Ke2
Rxg1 30. Kf3 Rb1 31. Rxa5 Rxb3 {Der weiße Turmangriff auf die Schwäche e6 läßt
sich nicht vermeiden.} (31... h5 32. Ra8+ Kf7 33. Ra7+ Kg6 34. Re7 $11) (31...
f5 32. Kf4 Kf7 33. Ke5 Rxb3 34. Ra7+ Kg6 35. Re7 $11) 32. Ra8+ $11 Kf7 33. Ra7+
Kf8 (33... Kg6 34. Re7 e5 35. dxe5 d4 36. e6 dxe3 37. fxe3 f5 38. Rf7 $11) 34.
Ra8+ Kf7 35. Ra7+ Kf8 36. Ra8+ Ke7 37. Ra7+ Kd6 38. Rxg7 Kc6 39. Rxh7 (39. Re7
Rc3 40. Rxe6+ Kb5 41. Re7 b3 42. Ke2 $11) 39... Rc3 40. Rh8 Kb7 41. Rh7+ Kb6
42. Rh8 Kb7 1/2-1/2